000
00206 a2200097 4500
001
1671
100
_a
Baer, C.H
245
_a
Electrical & electronic drawing
260
_a
_b
Mc Graw
_c
090
_c
1208
_d
1208
942
_a
NUST-CAE
_c
M
_c
2314
999
_c
236744
_d
236744